| 000 | 00838nam a22002537a 4500 | ||
|---|---|---|---|
| 003 | OSt | ||
| 005 | 20250815034855.0 | ||
| 008 | 250815b |||||||| |||| 00| 0 eng d | ||
| 020 | _a9789719655-58-9 | ||
| 040 |
_aDWC-Main Lib _cOC |
||
| 082 | _aFil. 510 M426 2023 | ||
| 100 | _aOgoy, Justin N. | ||
| 245 |
_aMathematics in the modern world/ _cJustin N. Ogoy [and five others] |
||
| 260 |
_aIntramuros Manila, Philippines : _bMindshapers Co. Inc., _cc2023. |
||
| 300 |
_avi, 389 pages : _billustrations ; _c26cm. |
||
| 504 | _aIncludes bibliographical references. | ||
| 650 | _a1. Mathematics. | ||
| 700 | _aTudayan, Jhaynee Lou P. | ||
| 700 | _aRodriguez, Mary Joy J. | ||
| 700 | _aDerilo, Jennie Rose | ||
| 700 | _aZales, Jonathan Purisima | ||
| 700 | _aRefuegio- Tominez, Donna Bee | ||
| 942 |
_2ddc _cBK - FIL _kFil. _n0 |
||
| 999 |
_c3965 _d3965 |
||